rozwiń skrót państwa - Statystyki

Ogólne statystyki
  • Ten quiz został rozwiązany 543 razy
  • Średni wynik to 7 z 10
Statystyki odpowiedzi
skrót rozwinięcie skrótu % Poprawnych
USA Stany zjednoczone ameryki
91%
RPA Republika południowej afryki
85%
ZSRR Związek socjalistycznych republik radzieckich
84%
ZEA Zjednoczone emiraty arabskie
77%
RFN Republika federalna niemiec
70%
DRK Demokratyczna republika konga
68%
NRD Niemiecka republika demokratyczna
64%
ChRL Chińska republika ludowa
62%
WKS Wybrzeże kości słoniowej
62%
PRL Polska republika ludowa
55%
Nie znaleziono quizów pasujących do podanych kryteriów
Rozkład punktacji
Procent ludzi z każdym wynikiem
Percentyl według liczby udzielonych odpowiedzi
Twoja historia wyników
Nie rozwiązałeś tego quizu